000 00915nam a2200205Ii 4500
003 JO-AjNU
008 230605s9999||||xx |||||||||||||| ||und||
020 _a978-1-56564-604-9
040 _aJO-AjNU
_bara
_erda
_cJO-AjNU
041 _aara
050 1 4 _aJC328.M74.2014
100 3 _aالمغلس، هاني عبادي محمد سيف,
_eauthor
_952285
245 0 0 _aالطاعة السياسية في الفكر الإسلامي : النص والاجتهاد والممارسة 
264 3 1 _aعمان : المعهد العالمي للفكر الإسلامي، 2014
300 _a560ص
_bيشتمل على مراجع ببلوغرافية ص( 533-554) ويشتمل على الكشاف ص(555-560)
336 _atext
_btxt
_2rdacontent
337 _aunmediated
_bn
_2rdamedia
338 _avolume
_bnc
_2rdacarrier
650 4 _aالنظام السياسي (الاسلام) -- الفكر الاسلامي
_952286
999 _aA23152
_c26720
_d26720